000 00519nam a2200181Ia 4500
003 GCL
008 140319s9999 xx 000 0 ara d
040 _aGCL /
_cGCL
082 0 4 _aد
_b050
100 1 _aالسيد محمد وهب
245 1 0 _aالجديد و القديم فى جراحةالعظام و التقويم (اقرا 471) /
_cالسيد محمد وهب
300 _a153
490 _aاقرأ
_v0
650 0 4 _aالجراحة
650 0 4 _aالعظام
650 0 4 _aالتقويم
942 _2ddc
_cBK
999 _c48550
_d48550